00337pab a2200121 454500008004000000100001900040245007400059260000900133300001100142362001700153650002500170773002000195180718b2006 xxu||||| |||| 00| 0 eng d aSurati, Daksha aNeed for an integrated course in information and knowledge management c2006 ap.5-7. a30 Oct-5 Nov aKnowledge management aUniversity News